| 000 | 00448nam a2200181Ia 4500 | ||
|---|---|---|---|
| 001 | 3606 | ||
| 005 | 20260306145655.0 | ||
| 008 | 260306t1995||||xx |||||||||||||| ||spa|| | ||
| 041 | _aESP | ||
| 082 |
_a298 _bM98 Lib. II |
||
| 100 |
_aMusavi Lari, Sayyid Mujtaba _eAUT |
||
| 245 | 0 | _aLos fundamentos de la doctrina Islámica | |
| 260 | _c1995 | ||
| 300 |
_a216 páginas : _c21 cm. |
||
| 650 | _aGEN | ||
| 654 | _aCHU | ||
| 942 |
_cLIB _dJUS _fJUS _2ddc _n |
||
| 999 |
_c3606 _d3606 |
||